All Nine Inch Nails member ever - Statistics

General Stats
  • This quiz has been taken 12 times
  • The average score is 9 of 27
Answer Stats
Hint Answer % Correct
1989-Singing, all instruments Trent Reznor
100%
2009, 2013-2025Drums Ilan Rubin
70%
2005-2008, 2025-Drums Josh Freese
70%
1994-1996, 1999-2001, 2008-Guitar Robin Finck
70%
2005-2008, 2013-Keyboards, Bass Alessandro Cortini
60%
2004-Keyboards, programming Atticus Ross
60%
1989-1990, 1992-1996Drums Chris Vrenna
60%
1995-2002Keyboards Charlie Clouser
50%
1993-2003Bass Danny Lohner
50%
2005-2007Bass Jeordie White
40%
1989-1993Guitar Richard Patrick
40%
2005-2007Guitar Aaron North
20%
1990-1991Drums Jeff Ward
20%
1998-2005Drums Jerome Dillon
20%
2013Bass, Guitar Josh Eustis
20%
2008-2010Bass Justin Meldal-Johnsen
20%
1997Guitar Kevin McMahon
20%
2013Bass Pino Palladino
20%
2005Drums Alex Carapetis
10%
1990Keyboards David Haymes
10%
1989Keyboards Gary Talpas
10%
1991-1994Keyboards James Wooley
10%
1990-1991Keyboards Lee Mars
10%
2013Backing vocals Lisa Fischer
10%
1990Keyboards Nick Rushe
10%
1989Drums Ron Musarra
10%
2013Backing vocals Sharlotte Gibson
10%
No matching quizzes found
Score Distribution
Percent of People with Each Score
Percentile by Number Answered
Your Score History
You have not taken this quiz